000
00210 a2200097 4500
001
13673
100
_a
Roberts, B M
245
_a
Wavell
260
_a
London
_b
Collins Clear, Type Press
_c
090
_c
10667
_d
10667
942
_a
NUST-CAE
_c
M
_c
744
999
_c
248746
_d
248746